000 00358nam a2200157Ia 4500
003 Ost
005 20260225132557.0
008 260225s9999||||xx |||||||||||||| ||und||
040 _cfsic
041 _afre
082 _a302.23
100 _aArnaud Mercier
_eAuteur
245 0 _aMédias et opinion publique /
245 0 _cArnaud Mercier
942 _cكتاب
999 _c34534
_d34534